000
00304nam a2200109Ia 4500
008
220204s9999 xx 000 0 und d
082
_a
547
_b
RAP.4
245
0
_a
Advances in organic chemistry: Methods and results. V 4
260
_a
New York
_b
Interscience
_c
1963
700
_a
Raphael, Ralph A
942
_c
BK
999
_c
20631
_d
20631